000 00272nam a22001097a 4500
082 _a320.9172
100 _aLucian W. Pye
245 _aAn analytic study aspects of political development
260 _aIslamabad
_bNational Book foundation
300 _a205p
942 _cBK
999 _c2666
_d2666